[Event "International chess holiday K11"]
[Site "?"]
[Date "2019.07.24"]
[Round "6"]
[White "Hadzala, Daniel"]
[Black "Sniegon, Adam"]
[Result "1-0"]
[WhiteElo "2049"]
[BlackElo "1809"]
[Annotator "Doe,John"]
[PlyCount "78"]

1. Nf3 d5 2. c4 c6 3. b3 Nf6 4. Qc2 Bg4 5. Ne5 Bh5 6. Bb2 Nbd7 7. Nxd7
Qxd7 8. d3 e6 9. g3 Bb4+ 10. Nd2 dxc4 11. bxc4 Rd8 12. Bg2 O-O 13. Rb1 Ba5 14.
Bc3 Bb6 15. Nf3 Ng4 16. O-O f5 17. h3 Nf6 18. a4 Bg6 19. Qb2 Nh5 20. a5 Bc5 21.
d4 f4 22. Ne5 Qe7 23. Nxg6 hxg6 24. g4 Ba3 25. Qxb7 Rd7 26. Qxc6 f3 27. gxh5
fxg2 28. Qxg2 Rf5 29. Rb8+ Rd8 30. Rb5 Rdd5 31. Rb8+ Rd8 32. Rxd8+ Qxd8 33. f4
Rxh5 34. Qxg6 Qh4 35. Qg4 Qxh3 36. Qxh3 Rxh3 37. Rf3 Rxf3 38. exf3 Bd6 39. f5
a6 1-0

[Event "International chess holiday K11"]
[Site "?"]
[Date "2019.07.24"]
[Round "6"]
[White "Husa, Daniel"]
[Black "Pokorny, Jan"]
[Result "1/2-1/2"]
[WhiteElo "1784"]
[BlackElo "1882"]
[Annotator "Doe,John"]
[PlyCount "36"]

1. d4 d5 2. c4 e6 3. Nf3 Nf6 4. g3 dxc4 5. Bg2 Bb4+ 6. Bd2 Bxd2+ 7.
Nbxd2 O-O 8. O-O Nc6 9. Nxc4 Rb8 10. Rc1 Ne7 11. Re1 c6 12. e4 b5 13. Nce5 Bb7
14. Nd3 Nd7 15. Nc5 Nxc5 16. dxc5 Qc7 17. Qc2 a5 18. Rcd1 Rfd8 1/2-1/2

[Event "International chess holiday K11"]
[Site "?"]
[Date "2019.07.24"]
[Round "6"]
[White "Thomasson, Staffan"]
[Black "Ekberg, Karl"]
[Result "0-1"]
[WhiteElo "1876"]
[BlackElo "1868"]
[Annotator "Doe,John"]
[PlyCount "68"]

1. c4 c5 2. Nf3 Nc6 3. d4 cxd4 4. Nxd4 e5 5. Nb5 a6 6. Nd6+ Bxd6 7.
Qxd6 Qe7 8. Qxe7+ Ngxe7 9. Nc3 Nd4 10. Rb1 f5 11. e3 Ne6 12. g3 O-O 13. Bg2 Rb8
14. a4 b6 15. O-O Bb7 16. Rd1 Rfd8 17. e4 fxe4 18. Nxe4 d5 19. Bh3 Nd4 20. cxd5
Bxd5 21. Bg2 Bxe4 22. Bxe4 Ne2+ 23. Kf1 Nxg3+ 24. hxg3 Rxd1+ 25. Ke2 Rd4 26.
Bc2 Nd5 27. Bd2 Rd8 28. Rh1 Nf4+ 29. Bxf4 exf4 30. Bxh7+ Kf7 31. b3 g6 32. gxf4
Rxf4 33. Ke3 Rf6 34. f4 Kg7 0-1

[Event "International chess holiday K11"]
[Site "?"]
[Date "2019.07.24"]
[Round "6"]
[White "Hejsek, Lukas"]
[Black "Nentvich, Nentvich"]
[Result "1-0"]
[WhiteElo "1885"]
[BlackElo "1839"]
[Annotator "Doe,John"]
[PlyCount "111"]
[TimeControl "240+2"]

1. d4 Nf6 2. Nf3 c5 3. g3 cxd4 4. Nxd4 e5 5. Nf3 Nc6 6. c4 d5 7. cxd5
Bb4+ 8. Bd2 Qxd5 9. a3 Bxd2+ 10. Qxd2 Nd4 11. Bg2 Ne4 12. Nxd4 exd4 13. Nc3
Nxd2 14. Nxd5 Nb3 15. Rd1 O-O 16. Rd3 Nc5 17. Rxd4 Rb8 18. O-O Be6 19. b4 Bxd5
20. Rxd5 Ne6 21. Rd7 Rfd8 22. Rfd1 Kf8 23. Rxd8+ Rxd8 24. Rxd8+ Nxd8 25. Kf1
Ke7 26. Ke1 Kd6 27. Kd2 b6 28. Kd3 Ne6 29. e3 Nc7 30. Kc4 Ke5 31. f4+ Kf5 32.
Bf3 Ke6 33. Bg4+ f5 34. Bf3 h6 35. Bg2 g5 36. Bh3 Kf6 37. g4 gxf4 38. exf4 fxg4
39. Bxg4 Ke7 40. a4 Kf6 41. b5 Ke7 42. Kd4 Kf6 43. Ke4 a6 44. a5 Nxb5 45. axb6
Ke7 46. Kd5 Nd6 47. f5 Nb7 48. Ke5 Nc5 49. f6+ Kf7 50. Bc8 a5 51. b7 Na6 52.
Be6+ Kf8 53. f7 Ke7 54. Ba2 Nc5 55. f8=Q+ Kxf8 56. b8=Q+ 1-0

[Event "International chess holiday K11"]
[Site "?"]
[Date "2019.07.24"]
[Round "6"]
[White "Spindler, Markus"]
[Black "Pribyl, Jaroslav"]
[Result "1/2-1/2"]
[WhiteElo "1972"]
[BlackElo "1926"]
[Annotator "Doe,John"]
[PlyCount "122"]
[TimeControl "240+2"]

1. e4 c6 2. d4 d5 3. e5 Bf5 4. h4 h5 5. c4 dxc4 6. Bxc4 e6 7. Nf3 Nd7
8. Nc3 Nb6 9. Bd3 Bxd3 10. Qxd3 Ne7 11. Bg5 Qc7 12. Rc1 Qd7 13. O-O Nf5 14.
Rfd1 Be7 15. Ne4 Rd8 16. Nc5 Qc7 17. a3 Rd5 18. b4 Nd7 19. Qe4 Nxc5 20. bxc5 b6
21. cxb6 axb6 22. Rd3 Bxg5 23. Nxg5 Ke7 24. Nf3 Rhd8 25. Qf4 Kf8 26. g4 hxg4
27. Qxg4 Qd7 28. Ng5 Ke8 29. Qe4 Rxd4 30. Rxd4 Nxd4 31. Qe3 c5 32. Ne4 Nf5 33.
Qg5 Qe7 34. Qh5 Rd4 35. Qh8+ Qf8 36. Qxf8+ Kxf8 37. f3 Nxh4 38. Kf2 Nf5 39. Rb1
Ra4 40. Rxb6 g6 41. Nxc5 Rxa3 42. Rb4 Ra2+ 43. Kg1 Rc2 44. Nd7+ Kg7 45. Nf6 Rc8
46. Kf2 Rd8 47. Rc4 Nh6 48. Rh4 Rd2+ 49. Ke1 Rd8 50. Kf2 g5 51. Rc4 Ng8 52. Ne4
Kg6 53. Rc7 f6 54. Rc6 Re8 55. Nd6 Re7 56. Nc8 Re8 57. Nd6 Rd8 58. Ne4 Kf5 59.
exf6 Nxf6 60. Nxg5 Kxg5 61. Rxe6 Kf5 1/2-1/2

[Event "International chess holiday M11"]
[Site "?"]
[Date "2019.07.25"]
[Round "7"]
[White "Hentzgen, Thomas"]
[Black "Hartwig, Maik"]
[Result "1/2-1/2"]
[WhiteElo "2004"]
[BlackElo "2100"]
[Annotator "Doe,John"]
[PlyCount "21"]

1. d4 e6 2. Nf3 d5 3. g3 Nf6 4. Bg2 c5 5. O-O Nc6 6. c3 Be7 7. dxc5
Bxc5 8. Bg5 h6 9. Bxf6 Qxf6 10. Qb3 O-O 11. Nbd2 1/2-1/2

[Event "International chess holiday M11"]
[Site "?"]
[Date "2019.07.25"]
[Round "7"]
[White "Houska, Jiri"]
[Black "Lokander, Martin"]
[Result "1-0"]
[WhiteElo "2169"]
[BlackElo "2397"]
[Annotator "Doe,John"]
[PlyCount "107"]

1. d4 Nf6 2. Nf3 c5 3. d5 e6 4. c4 d6 5. Nc3 exd5 6. cxd5 g6 7. h3 Bg7
8. e4 a6 9. a4 Nbd7 10. Bd3 Nh5 11. O-O Ne5 12. Nxe5 Bxe5 13. f4 Bd4+ 14. Kh2
O-O 15. g4 Nf6 16. Qf3 h5 17. g5 Nh7 18. Be3 Bxe3 19. Qxe3 Re8 20. Rg1 Rb8 21.
e5 c4 22. Bxc4 dxe5 23. fxe5 Qc7 24. Qf4 Qxe5 25. Qxe5 Rxe5 26. Rae1 Nxg5 27.
Kg3 Rxe1 28. Rxe1 h4+ 29. Kf4 Nxh3+ 30. Ke5 Bg4 31. Kf6 Nf4 32. Kg5 Ng2 33. Re7
h3 34. Ne4 b5 35. axb5 axb5 36. Bb3 h2 37. Nf2 Rb6 38. Kxg4 Rf6 39. Nh1 Rf1 40.
d6 Kf8 41. Kg3 Ne1 42. Kxh2 Nd3 43. Rb7 Ke8 44. Bd5 Ne5 45. Re7+ Kd8 46. Rxe5
Kd7 47. Bg2 Rd1 48. Rd5 Rxd5 49. Bxd5 f6 50. Be4 f5 51. Bd3 b4 52. Kg3 Kxd6 53.
Kf4 Kd5 54. b3 1-0

[Event "International chess holiday M11"]
[Site "?"]
[Date "2019.07.25"]
[Round "7"]
[White "Morling, Joakim"]
[Black "Kalisky, Vladimir"]
[Result "1/2-1/2"]
[WhiteElo "2081"]
[BlackElo "2202"]
[Annotator "Doe,John"]
[PlyCount "119"]

1. d4 Nf6 2. c4 d6 3. Nf3 g6 4. Nc3 Bg7 5. e4 O-O 6. Be2 c5 7. O-O cxd4
8. Nxd4 Nc6 9. Be3 Nxd4 10. Bxd4 Be6 11. Qd2 Qa5 12. Rfd1 Rfc8 13. b3 Nd7 14.
Bxg7 Kxg7 15. Rac1 a6 16. f4 f6 17. Kh1 b5 18. f5 Bf7 19. cxb5 axb5 20. Bxb5
Rxc3 21. Bxd7 Rxc1 22. Qxc1 Qxa2 23. b4 Qf2 24. b5 Ra2 25. Rg1 Rc2 26. Qa3 g5
27. Qg3 Qxg3 28. hxg3 Rb2 29. Rc1 d5 30. exd5 Bxd5 31. Bc6 Ba2 32. g4 Bb1 33.
Rc3 h5 34. Bd7 hxg4 35. Rg3 Rb4 36. Kg1 Kf8 37. Kf2 Rf4+ 38. Ke2 Rd4 39. Be6
Rb4 40. Bd7 Kf7 41. b6 Rb2+ 42. Ke3 Rb3+ 43. Kf2 Rxb6 44. Rxg4 Ba2 45. Ra4 Bd5
46. g4 Rb7 47. Bc8 Rc7 48. Rd4 Rc2+ 49. Kg3 Rc3+ 50. Kh2 Bc6 51. Be6+ Ke8 52.
Rc4 Rxc4 53. Bxc4 Kd7 54. Kg3 Kd6 55. Bb3 Ke5 56. Bc4 Bd5 57. Ba6 e6 58. fxe6
Bxe6 59. Bd3 Kd4 60. Bb1 1/2-1/2

[Event "International chess holiday M11"]
[Site "?"]
[Date "2019.07.25"]
[Round "7"]
[White "Hogeman, Joel"]
[Black "Reichmann, Steffen"]
[Result "1/2-1/2"]
[WhiteElo "2140"]
[BlackElo "1986"]
[Annotator "Doe,John"]
[PlyCount "159"]

1. e4 c5 2. Nc3 Nc6 3. g3 g6 4. Bg2 Bg7 5. d3 d6 6. Nh3 e6 7. O-O Nge7
8. Be3 O-O 9. Qd2 Rb8 10. Bh6 Nd4 11. Bxg7 Kxg7 12. Nd1 e5 13. f4 f5 14. Ne3 b5
15. Rae1 Qc7 16. c3 Ndc6 17. Kh1 Bd7 18. Nc2 Qb6 19. Rd1 Be6 20. b3 b4 21. d4
fxe4 22. Nf2 bxc3 23. dxc5 dxc5 24. Qxc3 Nd5 25. Qe1 Nd4 26. Qxe4 exf4 27. Nxd4
cxd4 28. Qe5+ Nf6 29. Rxd4 Rbe8 30. Qxf4 Bc8 31. Qd2 Ba6 32. Rd6 Qb5 33. Re1
Bb7 34. Rde6 Bxg2+ 35. Kxg2 Rxe6 36. Rxe6 Qb7+ 37. Kg1 Qc7 38. Qb2 Qd7 39. Qe5
Rf7 40. Kg2 Qb7+ 41. Ne4 Qxe4+ 42. Qxe4 Nxe4 43. Rxe4 Rc7 44. Ra4 Kf6 45. Ra5
Ke6 46. b4 Kd6 47. Ra6+ Kd5 48. b5 Kc5 49. a4 Rf7 50. h4 Rb7 51. Kf3 Kd5 52.
Kf4 Kc5 53. Kg5 Rf7 54. g4 Kd5 55. Kh6 Kc5 56. g5 Kb4 57. Rf6 Rb7 58. Ra6 Kc5
59. h5 gxh5 60. Kxh5 Kb4 61. Kg4 Rf7 62. Kg3 Kc5 63. Rf6 Rg7 64. Kf4 Kb4 65.
Ra6 Rf7+ 66. Ke5 Kc5 67. Ke6 Rg7 68. Kf6 Rg6+ 69. Kf5 Rg7 70. Re6 Rf7+ 71. Rf6
Rg7 72. Kg4 Kb4 73. Rf4+ Ka5 74. Kh5 Re7 75. Kh6 Rd7 76. Rf6 Kxa4 77. b6 a5 78.
Rf1 Rb7 79. Rb1 Ka3 80. Ra1+ 1/2-1/2

[Event "International chess holiday M11"]
[Site "?"]
[Date "2019.07.25"]
[Round "7"]
[White "Schaefer, Martin"]
[Black "Vetrovsky, Michal"]
[Result "0-1"]
[WhiteElo "2011"]
[BlackElo "2095"]
[Annotator "Doe,John"]
[PlyCount "110"]

1. d4 Nf6 2. c4 g6 3. Nc3 Bg7 4. e4 d6 5. h3 O-O 6. Be3 Nbd7 7. Bd3 c6
8. Qd2 e5 9. d5 cxd5 10. cxd5 Nc5 11. Bc2 a5 12. a4 Bd7 13. Nge2 Qb6 14. O-O
Rfc8 15. g4 Qb4 16. f3 Qb6 17. Kg2 Qd8 18. Rh1 Ne8 19. h4 f6 20. Bh6 Bxh6 21.
Qxh6 Qe7 22. h5 g5 23. Ng3 Rc7 24. Nd1 b6 25. Ne3 Ng7 26. Rh2 Nb7 27. Rah1 Nd8
28. Bd3 Rac8 29. Qg6 Be8 30. Ngf5 Qf8 31. Qh6 Bd7 32. Kh3 Nxf5 33. Qxf8+ Kxf8
34. gxf5 Bxa4 35. Ra1 Be8 36. Kg4 Nb7 37. Ba6 Rb8 38. Rc2 Rxc2 39. Nxc2 Nc5 40.
Bf1 Rc8 41. Ne3 Nb3 42. Ra3 a4 43. Nc4 Ke7 44. Nxb6 Rc1 45. Bc4 Nd2 46. Ba6
Rg1+ 47. Kh3 Bxh5 48. Rc3 Nxf3 49. Rc7+ Kf8 50. Nd7+ Kg7 51. Nxe5+ Kh6 52. Nxf3
Bxf3 53. Bd3 g4+ 54. Kh4 g3 55. Rf7 g2 0-1

[Event "International chess holiday K11"]
[Site "?"]
[Date "2019.07.25"]
[Round "7"]
[White "Sniegon, Adam"]
[Black "Hejsek, Lukas"]
[Result "0-1"]
[WhiteElo "1809"]
[BlackElo "1885"]
[Annotator "Doe,John"]
[PlyCount "61"]

1. d4 Nf6 2. c4 c5 3. d5 b5 4. cxb5 a6 5. bxa6 e6 6. Nc3 exd5 7. Nxd5
Nxd5 8. Qxd5 Nc6 9. e3 Be7 10. Bd2 O-O 11. Bb5 Qb6 12. Qb3 Bxa6 13. Bxa6 Qxa6
14. Ne2 Ne5 15. Nc1 Rab8 16. Qc2 d5 17. Bc3 d4 18. exd4 cxd4 19. Bxd4 Bb4+ 20.
Bc3 Rfe8 21. Ne2 Nd3+ 22. Kf1 Nf4 23. Re1 Bxc3 24. bxc3 Nxe2 25. c4 Nd4 26.
Rxe8+ Rxe8 27. Qc1 Qxa2 28. g3 Qe2+ 29. Kg2 Qf3+ 30. Kh3 Re5 31. Qf1 0-1

[Event "International chess holiday K11"]
[Site "?"]
[Date "2019.07.25"]
[Round "7"]
[White "Pokorny, Jan"]
[Black "Hadzala, Daniel"]
[Result "0-1"]
[WhiteElo "1882"]
[BlackElo "2049"]
[Annotator "Doe,John"]
[PlyCount "94"]

1. e4 d6 2. Nf3 Nf6 3. Nc3 c6 4. d4 Bg4 5. h3 Bh5 6. Be2 Qc7 7. Bf4
Bxf3 8. Bxf3 e5 9. Be3 Be7 10. O-O Nbd7 11. a4 a5 12. d5 O-O 13. dxc6 bxc6 14.
Qd3 Rfe8 15. Qc4 Qb7 16. Rfb1 Rab8 17. g4 Nf8 18. Ne2 Ne6 19. Ng3 g6 20. g5 Nd7
21. h4 Nf4 22. Bxf4 exf4 23. Ne2 Ne5 24. Qc3 h6 25. gxh6 Bxh4 26. Nxf4 Bg5 27.
h7+ Kg7 28. Nd3 Bf6 29. Nxe5 Bxe5 30. Qd3 Rh8 31. Kg2 Rxh7 32. Rh1 Rbh8 33.
Rxh7+ Rxh7 34. Rh1 Rxh1 35. Kxh1 Qxb2 36. Qc4 c5 37. Kg2 Qc1 38. Qd3 Qf4 39.
Kf1 g5 40. Qe2 Bd4 41. Bh5 Kh6 42. Bg4 Bxf2 43. Qxf2 Qxg4 44. Qf6+ Kh5 45.
Qxf7+ Kh4 46. Qh7+ Kg3 47. Qf5 Qd1# 0-1

[Event "International chess holiday K11"]
[Site "?"]
[Date "2019.07.25"]
[Round "7"]
[White "Ekberg, Karl"]
[Black "Husa, Daniel"]
[Result "1-0"]
[WhiteElo "1868"]
[BlackElo "1784"]
[Annotator "Doe,John"]
[PlyCount "85"]

1. d4 Nf6 2. c4 g6 3. Nc3 d5 4. Nf3 Bg7 5. Qb3 dxc4 6. Qxc4 O-O 7. e4
c6 8. Be3 Be6 9. Qa4 Nbd7 10. Be2 Nb6 11. Qc2 Rc8 12. O-O Qc7 13. Rac1 Rfd8 14.
b3 h6 15. Qd2 Kh7 16. Rfd1 Qd7 17. Qe1 Qe8 18. Nd2 Bd7 19. f4 Ng4 20. Bxg4 Bxg4
21. Nf3 Bxf3 22. gxf3 e6 23. e5 Nd5 24. Ne4 Qd7 25. Kh1 Bf8 26. Bd2 Be7 27. Qg3
Rg8 28. Qh3 h5 29. Ng3 Kg7 30. f5 exf5 31. Nxh5+ Kf8 32. Ng3 Qe6 33. Qh7 Ba3
34. Rc2 Ke7 35. Qh4+ Kd7 36. Nf1 Rh8 37. Qe1 Be7 38. Ne3 Nxe3 39. Bxe3 Qd5 40.
Qf1 Rh5 41. Rc5 Qe6 42. d5 Rxh2+ 43. Kg1 1-0

[Event "International chess holiday K11"]
[Site "?"]
[Date "2019.07.25"]
[Round "7"]
[White "Nentvich, Libor"]
[Black "Spindler, Markus"]
[Result "1-0"]
[WhiteElo "1839"]
[BlackElo "1972"]
[Annotator "Doe,John"]
[PlyCount "109"]

1. e4 d5 2. exd5 Qxd5 3. Nc3 Qd6 4. d4 Nf6 5. Be2 c6 6. Be3 Bf5 7. Bf3
e6 8. Nge2 Qc7 9. Qd2 Bd6 10. g4 Nxg4 11. Ng3 Nxe3 12. Qxe3 Bf4 13. Qe2 O-O 14.
O-O Nd7 15. Rfe1 Nf6 16. Nce4 Bxe4 17. Bxe4 Nxe4 18. Qxe4 g6 19. Rad1 Rad8 20.
Rd3 Bh6 21. Qh4 Bg7 22. Ne4 Qa5 23. c3 Qd5 24. Rh3 h5 25. Ree3 f5 26. Nc5 e5
27. Qg5 f4 28. Rxe5 Bxe5 29. Qxg6+ Bg7 30. Rxh5 Rf6 31. Qh7+ Kf7 32. Rxd5 Rxd5
33. Qe4 f3 34. Nd3 Rg5+ 35. Kf1 Kf8 36. Ne5 Kg8 37. Nxf3 Rgf5 38. Ne5 Rxf2+ 39.
Ke1 Rf1+ 40. Ke2 R1f2+ 41. Kd3 b5 42. Qg4 Kh7 43. Nxc6 Bh6 44. Qe4+ Kg7 45.
Qe7+ Rf7 46. Qe5+ Kh7 47. Qxb5 Rxh2 48. d5 Rh5 49. Kc2 Rh2+ 50. Kd3 Rf4 51. Nd4
Bg7 52. d6 Bxd4 53. cxd4 Rhh4 54. Qe5 Kg6 55. d7 1-0

[Event "International chess holiday K11"]
[Site "?"]
[Date "2019.07.25"]
[Round "7"]
[White "Pribyl , Jaroslav"]
[Black "Thomasson, Staffan"]
[Result "1-0"]
[WhiteElo "1926"]
[BlackElo "1876"]
[Annotator "Doe,John"]
[PlyCount "53"]

1. d4 g6 2. Nc3 c6 3. e4 d5 4. e5 h5 5. Bd3 Nh6 6. Nce2 Bg4 7. c3 e6 8.
Qc2 Bf5 9. Be3 Nd7 10. Nf3 Be7 11. h4 Ng4 12. Bg5 f6 13. exf6 Ndxf6 14. Ng3 O-O
15. O-O-O Qa5 16. Kb1 b5 17. Ne5 Nxf2 18. Nxc6 Bxd3 19. Rxd3 Nxh1 20. Nxa5 Nxg3
21. Nc6 Bd6 22. Ne5 Nge4 23. Rf3 b4 24. Qa4 bxc3 25. Qd7 Bxe5 26. Qxe6+ Kh7 27.
Qe7+ necitelné 1-0

[Event "International chess holiday M11"]
[Site "?"]
[Date "2019.07.25"]
[Round "8"]
[White "Vetrovsky, Michal"]
[Black "Hentzgen, Thomas"]
[Result "1/2-1/2"]
[WhiteElo "2095"]
[BlackElo "2004"]
[Annotator "Doe,John"]
[PlyCount "23"]

1. Nf3 e6 2. b3 b6 3. g3 Bb7 4. Bg2 Be7 5. Bb2 Bf6 6. d4 c5 7. O-O cxd4
8. Bxd4 Nc6 9. Bxf6 Nxf6 10. c4 d5 11. cxd5 Nxd5 12. Qd2 1/2-1/2

[Event "International chess holiday M11"]
[Site "?"]
[Date "2019.07.25"]
[Round "8"]
[White "Hogeman, Joel"]
[Black "Houska, Jiri"]
[Result "0-1"]
[WhiteElo "2140"]
[BlackElo "2169"]
[Annotator "Doe,John"]
[PlyCount "62"]

1. e4 c5 2. Nf3 d6 3. d4 cxd4 4. Nxd4 Nf6 5. Nc3 g6 6. Be3 Bg7 7. f3
O-O 8. Qd2 Nc6 9. Bc4 Bd7 10. O-O-O Rc8 11. Bb3 Ne5 12. Kb1 Re8 13. h4 h5 14.
g4 hxg4 15. h5 Nxh5 16. Bh6 Bf6 17. Nd5 gxf3 18. Nxf6+ exf6 19. Nf5 Bxf5 20.
exf5 d5 21. fxg6 fxg6 22. Bxd5+ Kh7 23. Be3 Kg7 24. Rdg1 Rh8 25. Bxb7 Qxd2 26.
Bxd2 f2 27. Rd1 Ng3 28. Rhf1 Nxf1 29. Rxf1 Rb8 30. Bg2 Nc4 31. Bc1 Rxb2+ 0-1

[Event "International chess holiday M11"]
[Site "?"]
[Date "2019.07.25"]
[Round "8"]
[White "Lokander, Martin"]
[Black "Schaefer, Martin"]
[Result "1-0"]
[WhiteElo "2397"]
[BlackElo "2011"]
[Annotator "Doe,John"]
[PlyCount "79"]

1. Nf3 f5 2. d4 d6 3. g3 Nf6 4. Bg2 g6 5. O-O Bg7 6. c4 O-O 7. Nc3 Qe8
8. Re1 c6 9. e4 Nxe4 10. Nxe4 fxe4 11. Ng5 d5 12. h4 h6 13. Nh3 Qf7 14. Be3 Nd7
15. Nf4 Nf6 16. cxd5 cxd5 17. Rc1 Bd7 18. Rc7 Bc6 19. Bh3 Kh7 20. Qb3 Ne8 21.
Rc8 Rxc8 22. Bxc8 Nc7 23. Bxb7 Rb8 24. Qc2 e5 25. Qxc6 exd4 26. Bc1 Be5 27.
Nxd5 e3 28. Nxe3 dxe3 29. Bxe3 Ne6 30. Ba6 Nd4 31. Bxd4 Bxd4 32. Re2 Rxb2 33.
Rxb2 Bxb2 34. Bc4 Qg7 35. Bd3 Bd4 36. h5 Qf6 37. hxg6+ Kg7 38. Qd7+ Kf8 39. Bf5
Qe7 40. Qxd4 1-0

[Event "International chess holiday M11"]
[Site "?"]
[Date "2019.07.25"]
[Round "8"]
[White "Reichmann, Steffen"]
[Black "Kalisky, Vladimir"]
[Result "1/2-1/2"]
[WhiteElo "1986"]
[BlackElo "2202"]
[Annotator "Doe,John"]
[PlyCount "93"]

1. e4 e5 2. d4 exd4 3. Qxd4 Nc6 4. Qe3 Nf6 5. Nc3 Bb4 6. Bd2 O-O 7.
O-O-O d6 8. Bc4 Ng4 9. Qg3 Bc5 10. Nh3 Nge5 11. Bb3 Bxh3 12. gxh3 Nd4 13. f4
Nef3 14. Rhf1 Nxd2 15. Rxd2 c6 16. Rg2 g6 17. h4 Qf6 18. h5 Nxb3+ 19. axb3 Bd4
20. h4 Rae8 21. hxg6 fxg6 22. h5 Be5 23. Rgf2 Bxc3 24. bxc3 Rxe4 25. f5 g5 26.
h6 Qxh6 27. f6 Re6 28. Rh2 Qg6 29. Rfh1 Rf7 30. Rh5 Qxf6 31. Rxg5+ Rg7 32. Rhh5
Re5 33. Rxg7+ Qxg7 34. Qh4 Rxh5 35. Qxh5 Qg6 36. Qh3 Qf6 37. Qc8+ Kg7 38. Qxb7+
Kg6 39. Qxc6 h5 40. Kb2 Qf4 41. Qe8+ Kg5 42. Qe7+ Kg4 43. Qe2+ Kh4 44. Qe1+ Kg4
45. Qe2+ Kg5 46. Qe7+ Kg4 47. Qe2+ 1/2-1/2

[Event "International chess holiday M11"]
[Site "?"]
[Date "2019.07.25"]
[Round "8"]
[White "Hartwig, Maik"]
[Black "Morling, Joakim"]
[Result "1/2-1/2"]
[WhiteElo "2100"]
[BlackElo "2081"]
[Annotator "Doe,John"]
[PlyCount "141"]

1. d4 d5 2. Nf3 Nf6 3. Bf4 e6 4. e3 c5 5. c3 Bd6 6. Bb5+ Nc6 7. Ne5 O-O
8. Bxc6 bxc6 9. Nxc6 Qc7 10. Bxd6 Qxd6 11. Ne5 Ba6 12. Nd2 Ne4 13. f3 f6 14.
Ng4 Ng5 15. dxc5 Qxc5 16. Nb3 Qc4 17. Qd2 Rab8 18. O-O-O Rxb3 19. axb3 Qxb3 20.
Qc2 Qb6 21. Rd4 Bc4 22. e4 e5 23. Rxd5 h5 24. Nf2 Bb3 25. Qe2 Ne6 26. Rb5 Qa6
27. Kd2 Nf4 28. Qf1 Qa2 29. Rxb3 Qxb3 30. Kc1 Rb8 31. Nd1 Rd8 32. g3 Nd3+ 33.
Kb1 Nc5 34. Qe2 Qa4 35. Ne3 Nxe4 36. Rd1 Rxd1+ 37. Nxd1 Nc5 38. Ne3 e4 39. Nc2
Nb3 40. fxe4 Qxe4 41. Qxe4 Nd2+ 42. Kc1 Nxe4 43. Nd4 Kf7 44. Kc2 g5 45. b4 Kg6
46. c4 f5 47. c5 Kf6 48. c6 Nd6 49. c7 Nc8 50. Kd3 Ke5 51. Nf3+ Kf6 52. Kd4 g4
53. Nd2 Ke6 54. Nc4 Kd7 55. Ke5 Ne7 56. Kf6 Nd5+ 57. Kxf5 Nxb4 58. Kg5 Nd3 59.
Kxh5 Nf2 60. Kg5 Kxc7 61. Kf4 Kc6 62. Ke3 Kd5 63. Nb2 Nh3 64. Kd3 Ke5 65. Nc4+
Kf5 66. Ne3+ Kg5 67. Kc4 Ng1 68. Kb5 Nf3 69. Ka6 Nxh2 70. Kxa7 Nf1 71. Nxg4
1/2-1/2

[Event "International chess holiday K11"]
[Site "?"]
[Date "2019.07.25"]
[Round "8"]
[White "Husa, Daniel"]
[Black "Pribyl , Jaroslav"]
[Result "1/2-1/2"]
[WhiteElo "1784"]
[BlackElo "1926"]
[Annotator "Doe,John"]
[PlyCount "43"]

1. d4 d5 2. c4 c6 3. cxd5 cxd5 4. Nf3 Nf6 5. Nc3 Nc6 6. Bf4 e6 7. e3
Bd6 8. Bxd6 Qxd6 9. Bd3 O-O 10. O-O Bd7 11. Qd2 Rac8 12. Rac1 Na5 13. Ne5 Nc4
14. Bxc4 dxc4 15. e4 Qe7 16. Rfd1 b5 17. f3 a6 18. Ne2 Rfd8 19. b3 cxb3 20.
axb3 Be8 21. b4 Nd7 22. Nc6 1/2-1/2

[Event "International chess holiday K11"]
[Site "?"]
[Date "2019.07.25"]
[Round "8"]
[White "Hadzala, Daniel"]
[Black "Ekberg, Karl"]
[Result "1-0"]
[WhiteElo "2049"]
[BlackElo "1868"]
[Annotator "Doe,John"]
[PlyCount "117"]

1. Nf3 d5 2. c4 c6 3. g3 Nf6 4. Bg2 e6 5. b3 Be7 6. Qc2 O-O 7. Bb2 Nbd7
8. O-O Re8 9. d3 Bd6 10. Nbd2 e5 11. e4 d4 12. Nh4 c5 13. h3 Nf8 14. Rae1 Ng6
15. Nf5 Rb8 16. Bc1 Ne7 17. Nxd6 Qxd6 18. Nf3 Nc6 19. Nh4 b5 20. Qe2 bxc4 21.
bxc4 Rb6 22. f4 Bd7 23. g4 Bc8 24. g5 Nd7 25. f5 Nf8 26. Rf3 Nd8 27. Ref1 Rb1
28. Kh2 Qb6 29. Rg3 g6 30. Bf3 Ra1 31. Bg4 Bd7 32. Rgf3 Qa6 33. R3f2 Rb1 34.
fxg6 hxg6 35. Bxd7 Nxd7 36. Qg4 Qe6 37. Qg3 Rb6 38. Kg2 Qe7 39. Nf3 Ne6 40. Nh2
Ng7 41. Ng4 Nh5 42. Nh6+ Kh8 43. Nxf7+ Qxf7 44. Rxf7 Nxg3 45. Kxg3 Rd6 46. h4
Kg8 47. Kg4 Rf8 48. R7f2 Rxf2 49. Rxf2 Kg7 50. h5 gxh5+ 51. Kxh5 Re6 52. Rg2
Ra6 53. Kg4 Rg6 54. Kf5 Rb6 55. Rb2 Rb4 56. Ke6 Nb6 57. Kxe5 Rxb2 58. Bxb2 Na4
59. Ba3 1-0

[Event "International chess holiday K11"]
[Site "?"]
[Date "2019.07.25"]
[Round "8"]
[White "Thomasson, Staffan"]
[Black "Nentvich, Libor"]
[Result "0-1"]
[WhiteElo "1876"]
[BlackElo "1839"]
[Annotator "Doe,John"]
[PlyCount "68"]

1. c4 Nf6 2. g3 c5 3. Bg2 Nc6 4. Nc3 g6 5. Nf3 d5 6. cxd5 Nxd5 7. Qb3
Ndb4 8. Ng5 e6 9. Nf3 c4 10. Qd1 e5 11. O-O Bf5 12. Ne1 Nd4 13. e4 Be6 14. a3
Nb3 15. Rb1 Nd3 16. Nxd3 Qxd3 17. Re1 Bh6 18. Bf1 Qd7 19. Nd5 Bxd5 20. exd5
Qxd5 21. Qe2 O-O-O 22. Qxc4+ Qxc4 23. Bxc4 Bxd2 24. Bxb3 Bxe1 25. Bg5 f6 26.
Be3 Ba5 27. Bh6 Rd6 28. Be3 Bb6 29. Rc1+ Kb8 30. Bh6 g5 31. h4 Rd2 32. Bg7 Rxf2
33. Kh1 Rd8 34. Be6 Be3 0-1

[Event "International chess holiday K11"]
[Site "?"]
[Date "2019.07.25"]
[Round "8"]
[White "Sniegon, Adam"]
[Black "Pokorny, Jan"]
[Result "0-1"]
[WhiteElo "1809"]
[BlackElo "1882"]
[Annotator "Doe,John"]
[PlyCount "92"]

1. d4 d5 2. c4 e6 3. Nc3 Nf6 4. cxd5 Nxd5 5. Nf3 Bb4 6. Qc2 c6 7. e4
Nxc3 8. bxc3 Be7 9. Bd3 Nd7 10. O-O c5 11. e5 cxd4 12. cxd4 h6 13. Re1 Nb6 14.
Bd2 Nd5 15. Rab1 b6 16. Rec1 O-O 17. Re1 Bb7 18. Be4 Qc8 19. Qb3 Qd8 20. Kh1
Rb8 21. Rg1 g5 22. Bc2 Kg7 23. Qd3 Rh8 24. Rgf1 Rc8 25. Ng1 Nf4 26. Bxf4 gxf4
27. Nh3 Bg5 28. f3 Qd5 29. Bb3 Qa5 30. Rbc1 Ba6 31. Bc4 Rxc4 32. Rxc4 Qxa2 33.
Rfc1 Bxc4 34. Rxc4 Rd8 35. Qc3 Qe2 36. Ng1 Qd1 37. h3 Bh4 38. Qa3 Bf2 39. Rc1
Qxd4 40. Qe7 Bg3 41. Ne2 Qd7 42. Qf6+ Kh7 43. Nd4 Rg8 44. Rc6 Qxd4 45. Qxf7+
Rg7 46. Qxe6 Qd1# 0-1

[Event "International chess holiday K11"]
[Site "?"]
[Date "2019.07.25"]
[Round "8"]
[White "Hejsek, Lukas"]
[Black "Spindler, Markus"]
[Result "1-0"]
[WhiteElo "1885"]
[BlackElo "1972"]
[Annotator "Doe,John"]
[PlyCount "125"]

1. d4 d5 2. Nf3 e6 3. g3 f5 4. Bg2 Nf6 5. O-O Bd6 6. c4 O-O 7. Nc3 c6
8. Qb3 Nbd7 9. Bf4 Bxf4 10. gxf4 Ne4 11. e3 Ndf6 12. Rad1 Qc7 13. Ne5 b6 14.
Qa4 Bb7 15. Nxe4 Nxe4 16. Rc1 c5 17. cxd5 Bxd5 18. dxc5 Nxc5 19. Bxd5 exd5 20.
Qd4 Qd6 21. Rfd1 Rad8 22. Rc2 Qh6 23. f3 Ne6 24. Qa4 d4 25. Nc6 Rd6 26. Nxd4
Nxf4 27. exf4 Qxf4 28. Rcd2 Rfd8 29. Qb3+ Kh8 30. Qc3 Qg5+ 31. Kh1 Qg6 32. Nb5
Rxd2 33. Rxd2 Re8 34. Rg2 Qf6 35. Qxf6 gxf6 36. Rd2 Kg7 37. Kg2 a6 38. Nc3 b5
39. a3 Rb8 40. Ne2 b4 41. a4 b3 42. Nc3 Rb6 43. Kf2 Kg6 44. Rd7 h5 45. Nd5 Rb8
46. Rd6 a5 47. Ke2 Kg5 48. Rb6 Rc8 49. Nc3 Re8+ 50. Kf2 Rd8 51. Rxb3 Rd2+ 52.
Ne2 Kh4 53. f4 Rc2 54. Ke1 Rc4 55. Kf2 Rc2 56. Rb5 Kg4 57. Rxa5 Rxb2 58. Rb5
Ra2 59. a5 Kh3 60. Rxf5 h4 61. Rxf6 Rxa5 62. Rg6 Rf5 63. Rg2 1-0